Технологические методы повышения надежности и долговечности деталей машин поверхностным упрочнением: учебное пособие

Podrobná bibliografie
Hlavní autor: Папшев Д. Д. Дмитрий Дмитриевич
Korporativní autor: Куйбышевский политехнический институт им. В. В. Куйбышева (КПИ)
Jazyk:ruština
Vydáno: Куйбышев, Авиац. ин-т, 1983
Témata:
Médium: MixedMaterials Kniha
KOHA link:https://koha.lib.tpu.ru/cgi-bin/koha/opac-detail.pl?biblionumber=112070

MARC

LEADER 00000nam0a2200000 4500
001 112070
005 20231031121324.0
020 |a RU  |b 84-16823 
035 |a (RuTPU)RU\TPU\book\121120 
090 |a 112070 
100 |a 20070322d1983 m a0rusy5003 ca 
101 0 |a rus 
102 |a RU 
105 |a a j 001zy 
200 1 |a Технологические методы повышения надежности и долговечности деталей машин поверхностным упрочнением  |e учебное пособие  |f Д. Д. Папшев  |g Куйбышевский политехнический институт 
210 |a Куйбышев  |c Авиац. ин-т  |d 1983 
215 |a 80 с.  |c ил.  |d 20 см 
610 1 |a детали машин 
610 1 |a поверхностное упрочнение 
610 1 |a надежность 
610 1 |a долговечность 
610 1 |a разрушение 
610 1 |a поверхностный слой 
610 1 |a качество 
610 1 |a учебные пособия 
675 |a 621.787(075.8)  |z rus 
700 1 |a Папшев  |b Д. Д.  |g Дмитрий Дмитриевич  |4 070 
712 0 2 |a Куйбышевский политехнический институт им. В. В. Куйбышева (КПИ)  |2 stltpush  |3 (RuTPU)RU\TPU\col\320 
801 0 |a RU  |b RuMRKP  |c 19950704  |g psbo 
801 1 |a RU  |b 63413507  |c 20070322  |g PSBO 
801 2 |a RU  |b 63413507  |c 20150901  |g PSBO 
900 |a Восстановление и упрочнение поверхностей деталей машин 
942 |c BK